000
00303nam a2200133Ia 4500
999
_c
14106
_d
14106
003
OSt
005
20260327172442.0
008
260210s9999 xx 000 0 und d
020
_a
9788997079865
100
_a
DMP
245
0
_a
Shop: Good Shop Design, Good Business
260
_b
DMP
942
_c
BDES
_2
ddc